这些5A景区在哪里?#2~6 Where are these 5A scenic spots located? - Statistics

General Stats
  • This quiz has been taken 94 times
  • The average score is 21 of 39
Answer Stats
景点 地市 % Correct
**东阳横店影视城景区 金华
87%
明十三陵景区 北京
81%
**崂山风景区 青岛
78%
**夫子庙-秦淮河风光带景区 南京
78%
**大雁塔—大唐芙蓉园景区 西安
77%
**殷墟景区 安阳
74%
三峡人家风景区 宜昌
72%
**瘦西湖景区 扬州
69%
皖南古村落—西递·宏村 黄山
68%
**淳安千岛湖风景区 杭州
67%
**清明上河园景区 开封
65%
武当山风景区 十堰
64%
**华阴市华山景区 渭南
64%
(江苏)**环球恐龙城休闲旅游区 常州
64%
**科技馆 上海
62%
**桐乡乌镇古镇 嘉兴
60%
**奉化溪口雪窦山-滕头旅游景区 宁波
59%
(辽宁)**金石滩景区 大连
58%
(湖北)神农溪纤夫文化旅游区 恩施
56%
(江苏)**灵山大佛景区 无锡
56%
**五大连池景区 黑河
55%
**同里古镇景区 苏州
54%
**麦积山景区 天水
54%
**白云山景区 广州
54%
(安徽)天柱山风景区 安庆
49%
**刘公岛景区 威海
47%
**伊金霍洛旗成吉思汗陵旅游区 鄂尔多斯
46%
**宁安市镜泊湖景区 牡丹江
42%
**龙口南山景区 烟台
40%
(河北)野三坡风景名胜区 保定
38%
**镇北堡西部影视城 银川
37%
**嵩县白云山景区 洛阳
37%
(广东)**观澜湖休闲旅游区 深圳
36%
**净月潭景区 长春
33%
**达拉特旗响沙湾旅游景区 鄂尔多斯
31%
**尧山—中原大佛景区 平顶山
28%
**新源县那拉提旅游风景区 伊犁
28%
**阳城县皇城相府生态文化旅游区 晋城
23%
(广东)**雁南飞茶田景区 梅州
21%
No matching quizzes found
Score Distribution
Percent of People with Each Score
Percentile by Number Answered
Your Score History
You have not taken this quiz